000
00306nam a22001217a 4500
008
181017b xxu||||| |||| 00| 0 eng d
041
_a
eng
080
_a
370
100
_a
47
101
_a
EDU
245
_a
Creative Therough Literature For Children And Adolescnts
_c
Margaret.C.G
942
_2
udc
_c
BK
999
_c
49956
_d
49956